Haciendas /

Guardat en:
Dades bibliogràfiques
Autor principal: Sandoval Godoy, Luis (autor)
Altres autors: Yáñez, Agustín (prólogo) (prólogo)
Format: Llibre
Idioma:espanyol
Publicat: Guadalajara, México : Gobierno del Estado de Jalisco, Departamento de Bellas Artes, 1974
Etiquetes: Afegir etiqueta
Sense etiquetes, Sigues el primer a etiquetar aquest registre!

MARC

LEADER 00000nam^a2200000^a^4500
001 000621509
005 20260220000000.0
009 20260310133900.096
037 |a Acervo ITESO - Biblioteca 
041 |a ESP 
091 |a FOB. 02100 
100 |a Sandoval Godoy, Luis  |e (autor) 
245 1 0 |a Haciendas / 
264 1 |a Guadalajara, México :  |b Gobierno del Estado de Jalisco, Departamento de Bellas Artes,  |c 1974 
300 |a 202 p. 
336 |a texto  |b txt  |2 rdacontenido 
337 |a sin mediación  |b n  |2 rdamedio 
338 |a volumen  |b nc  |2 rdasoporte 
649 |a XX 
700 |a Yáñez, Agustín  |e (prólogo) 
910 |a Fondo Carlos de Obeso Orendain 
920 |a Impresos - Libros 
930 |a Fondos Especiales 
905 |a 147 
901 |a 621509-10  |b IT2  |c ESP  |i D  |u 20251001 
902 |a https://opac.biblio.iteso.mx/vufind/Record/000621509